00635 2200241 4500001002100000005001500021035002000036245007000056100002200126260003200148082001000180084001600190020002200206008004100228650001800269650000800287650001800295650001600313990001500329990001500344990001700359990001700376INLIS00000000000009820251118023228 a0010-11250000981 aBerkenalan dengan Program Desain Grafis /cWoro Vidya Ayuningtyas1 aAyuningtyas, Woro aYogyakarta :bYescom,c2008 a006.6 a006.6 AYU b a978-979-29-0357-7251118 g 0 ind  aDesain Grafis aTIK aIlmu Komputer aVisualisasi a0058/TP/15 a0058/TP/15 a0058.2/TP/15 a0058.3/TP/15